Investigaciones sobre la contradicción

Shranjeno v:
Bibliografske podrobnosti
Glavni avtor: Piaget, Jean (Author)
Format: Knjiga
Jezik:španščina
Izdano: Madrid Siglo Veintiuno 1978
Serija:Psicología
Teme:
Oznake: Označite
Brez oznak, prvi označite!

MARC

LEADER 00000nam a2200000 a 4500
001 UCY6535
003 CL-VaPUC
008 950526e19780500SP |||||||||||||||||spa|d
082 0 4 |a 155.2  |b PIA  |2 21 
100 0 |a Piaget, Jean  |e author  |9 308149 
245 1 0 |a Investigaciones sobre la contradicción 
300 |a 345 p 
942 |c BK 
945 |d 19950526 00:00:00  |a cmena 
260 |a Madrid  |b Siglo Veintiuno  |c 1978 
650 0 |a Psicología   |9 257863 
650 0 |a Psicología individual  |9 309049 
650 0 |a Actitud  |9 258129 
650 0 |a Personalidad   |9 307255 
650 0 |a Individualismo  |9 313336 
650 0 |a Lógica  |9 256849 
650 0 |a Estructuralismo  |9 265696 
650 0 |a Cognición   |9 270347 
583 |a last modification  |c 19950526 00:00:00  |k Rodrigo Vera 
490 0 |a Psicología 
999 |c 234095  |d 234093 
952 |0 0  |1 0  |4 0  |6 155_200000000000000_PIA_1978  |7 0  |8 P  |9 240072  |a BIBEDU  |b BIBEDU  |c BIBEDU_PB  |d 2019-11-18  |i 1513206  |o 155.2 PIA 1978  |p 1513206  |r 2024-01-25  |w 2019-11-18  |y BK  |k EDU